LEADER 01422nam a2200265 4500 001 000000356695 003 CaOOAMICUS 005 20240123153524.0 008 240110s2021 pl a 000 u eng r 040 $aSeMil$bita 100 1 $aPieroni, Vittorio,$d<1971- >.$0(OLS)http://semarc/name/56118 245 12$aA new caenogastropod from the upper Rhaetian of Lombardy :$bpalaeobiogeographical history and implications for the Early Jurassic gastropod recovery /$cVittorio Pieroni, Stefano Monari and Jonathan A. Todd. 264 1$a[S.l. :$bs.n.],$c2021. 300 $aP. 193-206 :$bill. ;$c28 cm 500 $aEstratto da: Acta palaeontologica polonica, 66 (1), 2021. 650 4$aGasteropodi - Paleontologia.$0(OLS)http://semarc/subject/54919 650 4$aLombardia - Paleontologia - Triassico.$0(OLS)http://semarc/subject/54897 700 1 $aTodd, Jonathan A.$0(OLS)http://semarc/name/118922 700 1 $aMonari, Stefano.$0(OLS)http://semarc/name/118921 850 $aSeMil 852 $aSeMil$W1$xVenegono$y1$m5B XI 8/40$j245594$B247884$CSeMilBibl$Z2$F247884 $81 961 $aPieroni, Vittorio - Omaggio 996 $6245$aA new caenogastropod from the upper Rhaetian of Lombardy :$bpalaeobiogeographical history and implications for the Early Jurassic gastropod recovery$9(OLS)http://semarc/title/446946 996 $6264$a[S.l. :$bs.n.]$9(OLS)http://semarc/publisher/29751 LEADER 00680nab a2200145 i 4500 001 000000282373 003 CaOOAMICUS 005 20141104000000.0 008 141104n xx uu u0 0und r 013 $a35198 040 $aSeMil$bita 245 13$aIl Progresso :$bOrgano del Partito Progressista Italiano. - Riproduzione anastatica del N. 1, 12 luglio 1944. 700 1 $aPartito Progressista Italiano.$0(OLS)http://semarc/name/84412 773 0 $tGiornali della Resistenza.$dMilano : Ufficio Stampa del Comune di Milano, 1970.$w()209602 996 $6245$aIl Progresso :$bOrgano del Partito Progressista Italiano. - Riproduzione anastatica del N. 1, 12 luglio 1944$9(OLS)http://semarc/title/364445